[Event "European Women's Championship"]
[Site "Vysoke Tatry"]
[Date "2018.04.12"]
[Round "5"]
[White "Gara, Anita"]
[Black "Mamedjarova, Turkan"]
[Result "1-0"]
[Board "28"]
[WhiteElo "2369"]
[WhiteTitle "IM"]
[WhiteCountry "HUN"]
[WhiteFideId "709751"]
[WhiteEloChange "7"]
[BlackElo "2274"]
[BlackTitle "WGM"]
[BlackCountry "AZE"]
[BlackFideId "13402005"]
[BlackEloChange "-7"]

1. e4 {[%clk 1:30:59]} c6 {[%clk 1:30:50]} 2. Nc3 {[%clk 1:28:35]} d5 {[%clk
1:30:53]} 3. Nf3 {[%clk 1:28:49]} d4 {[%clk 1:19:22]} 4. Ne2 {[%clk 1:28:59]} c5
{[%clk 1:19:32]} 5. b4 {[%clk 1:17:27]} e6 {[%clk 1:05:30]} 6. Bb2 {[%clk
1:11:02]} Nd7 {[%clk 0:55:21]} 7. bxc5 {[%clk 1:08:50]} e5 {[%clk 0:54:58]} 8.
Ng3 {[%clk 1:03:40]} Bxc5 {[%clk 0:53:59]} 9. Bc4 {[%clk 0:51:22]} Nh6 {[%clk
0:43:49]} 10. O-O {[%clk 0:47:42]} Qe7 {[%clk 0:42:44]} 11. c3 {[%clk 0:44:50]}
dxc3 {[%clk 0:42:10]} 12. Bxc3 {[%clk 0:45:08]} O-O {[%clk 0:41:48]} 13. h3
{[%clk 0:43:13]} Bb4 {[%clk 0:37:46]} 14. Qb3 {[%clk 0:39:04]} Bxc3 {[%clk
0:37:00]} 15. Qxc3 {[%clk 0:39:30]} Re8 {[%clk 0:35:14]} 16. Rab1 {[%clk
0:34:58]} a6 {[%clk 0:29:40]} 17. Rfc1 {[%clk 0:31:31]} Nf6 {[%clk 0:23:01]} 18.
a4 {[%clk 0:29:52]} g6 {[%clk 0:18:16]} 19. Qa5 {[%clk 0:28:19]} Rb8 {[%clk
0:12:37]} 20. Ba2 {[%clk 0:21:52]} Qa3 {[%clk 0:07:42]} 21. Bb3 {[%clk 0:22:10]}
b6 {[%clk 0:08:04]} 22. Qc3 {[%clk 0:22:31]} Qd6 {[%clk 0:08:13]} 23. Qe3 {[%clk
0:16:27]} Kg7 {[%clk 0:07:55]} 24. Qg5 {[%clk 0:15:40]} Be6 {[%clk 0:03:12]} 25.
d4 {[%clk 0:14:00]} Bxb3 {[%clk 0:03:26]} 26. dxe5 {[%clk 0:14:10]} Rxe5 {[%clk
0:03:48]} 27. Nxe5 {[%clk 0:14:28]} Bxa4 {[%clk 0:04:15]} 28. Nc4 {[%clk
0:14:28]} Qe6 {[%clk 0:04:27]} 29. e5 {[%clk 0:14:30]} Nfg8 {[%clk 0:04:55]} 30.
Nd6 {[%clk 0:12:52]} Bd7 {[%clk 0:05:03]} 31. Nh5+ {[%clk 0:12:55]} Kh8 {[%clk
0:05:15]} 32. Nf4 {[%clk 0:13:14]} Qa2 {[%clk 0:05:22]} 33. e6 {[%clk 0:12:25]}
f6 {[%clk 0:05:26]} 34. Qg3 {[%clk 0:12:12]} Bxe6 {[%clk 0:05:48]} 35. Nxe6
{[%clk 0:12:26]} Qxe6 {[%clk 0:06:13]} 36. Nf7+ {[%clk 0:12:41]} Nxf7 {[%clk
0:05:42]} 37. Qxb8 {[%clk 0:13:06]} b5 {[%clk 0:06:10]} 38. Rc8 {[%clk 0:12:56]}
Ng5 {[%clk 0:06:19]} 39. Rbc1 {[%clk 0:12:04]} Qa2 {[%clk 0:05:29]} 40. Rxg8+
{[%clk 0:42:13]} 1-0

[Event "European Women's Championship"]
[Site "Vysoke Tatry"]
[Date "2018.04.12"]
[Round "5"]
[White "Kovanova, Baira"]
[Black "Sandu, Mihaela"]
[Result "1/2-1/2"]
[Board "29"]
[WhiteElo "2368"]
[WhiteTitle "WGM"]
[WhiteCountry "RUS"]
[WhiteFideId "4164083"]
[WhiteEloChange "-4"]
[BlackElo "2240"]
[BlackTitle "WGM"]
[BlackCountry "ROU"]
[BlackFideId "1204327"]
[BlackEloChange "4"]

1. e4 {[%clk 1:30:57]} c5 {[%clk 1:30:54]} 2. Nf3 {[%clk 1:31:24]} d6 {[%clk
1:31:01]} 3. d4 {[%clk 1:31:49]} cxd4 {[%clk 1:31:23]} 4. Nxd4 {[%clk 1:32:17]}
Nf6 {[%clk 1:31:46]} 5. Nc3 {[%clk 1:32:44]} a6 {[%clk 1:31:58]} 6. Bg5 {[%clk
1:32:34]} e6 {[%clk 1:29:04]} 7. Be2 {[%clk 1:32:21]} Be7 {[%clk 1:28:39]} 8. O-O
{[%clk 1:32:21]} Nbd7 {[%clk 1:21:32]} 9. Qd3 {[%clk 1:31:57]} Qc7 {[%clk
1:16:59]} 10. Qg3 {[%clk 1:27:43]} b5 {[%clk 1:14:40]} 11. a3 {[%clk 1:20:57]}
Bb7 {[%clk 1:13:12]} 12. Rfe1 {[%clk 1:17:14]} Ne5 {[%clk 1:07:57]} 13. Rad1
{[%clk 1:10:40]} O-O {[%clk 0:54:34]} 14. f4 {[%clk 0:48:31]} Nc6 {[%clk
0:35:53]} 15. Nxc6 {[%clk 0:35:32]} Bxc6 {[%clk 0:36:18]} 16. Bf3 {[%clk
0:34:52]} Ne8 {[%clk 0:31:45]} 17. Bxe7 {[%clk 0:30:10]} Qxe7 {[%clk 0:31:35]}
18. f5 {[%clk 0:27:53]} e5 {[%clk 0:30:30]} 19. Kh1 {[%clk 0:27:44]} Rc8 {[%clk
0:24:55]} 20. Qf2 {[%clk 0:27:02]} Nf6 {[%clk 0:24:20]} 21. Qb6 {[%clk 0:20:57]}
Rc7 {[%clk 0:16:34]} 22. Qxa6 {[%clk 0:18:11]} Rb8 {[%clk 0:16:45]} 23. Na2
{[%clk 0:15:39]} Ba8 {[%clk 0:09:55]} 24. Qxd6 {[%clk 0:08:07]} Qxd6 {[%clk
0:10:21]} 25. Rxd6 {[%clk 0:08:35]} Rxc2 {[%clk 0:10:47]} 26. Red1 {[%clk
0:08:25]} Rf8 {[%clk 0:10:50]} 27. R6d2 {[%clk 0:04:31]} Rxd2 {[%clk 0:10:47]}
28. Rxd2 {[%clk 0:05:00]} Nxe4 {[%clk 0:10:50]} 29. Bxe4 {[%clk 0:04:37]} Bxe4
{[%clk 0:11:16]} 30. Re2 {[%clk 0:04:40]} Bxf5 {[%clk 0:11:29]} 31. Rxe5 {[%clk
0:05:06]} Bd3 {[%clk 0:08:55]} 32. Nc3 {[%clk 0:05:22]} Rb8 {[%clk 0:04:26]} 33.
Rd5 {[%clk 0:05:25]} Bc4 {[%clk 0:04:39]} 34. Rd4 {[%clk 0:03:34]} h6 {[%clk
0:04:11]} 35. h3 {[%clk 0:03:52]} Rc8 {[%clk 0:04:08]} 36. Ne4 {[%clk 0:02:25]}
Rc6 {[%clk 0:02:56]} 37. Kg1 {[%clk 0:02:41]} Kf8 {[%clk 0:03:01]} 38. Nd6 {[%clk
0:01:57]} Ke7 {[%clk 0:02:46]} 39. Nf5+ {[%clk 0:01:57]} Kf6 {[%clk 0:02:46]} 40.
Ne3 {[%clk 0:31:37]} Ke5 {[%clk 0:32:10]} 41. Rd7 {[%clk 0:25:44]} Ke6 {[%clk
0:31:35]} 42. Rd8 {[%clk 0:20:59]} Rc7 {[%clk 0:22:04]} 43. Re8+ {[%clk 0:18:01]}
Kd7 {[%clk 0:20:20]} 44. Rb8 {[%clk 0:18:16]} Ke6 {[%clk 0:18:00]} 45. Kf2 {[%clk
0:16:39]} f5 {[%clk 0:17:40]} 46. Re8+ {[%clk 0:13:02]} Kf7 {[%clk 0:12:49]} 47.
Rd8 {[%clk 0:13:03]} f4 {[%clk 0:11:15]} 48. Nc2 {[%clk 0:06:47]} Ke7 {[%clk
0:09:29]} 49. Rd4 {[%clk 0:06:54]} g5 {[%clk 0:09:44]} 50. Nb4 {[%clk 0:06:16]}
Ke6 {[%clk 0:08:39]} 51. g3 {[%clk 0:06:01]} fxg3+ {[%clk 0:05:27]} 1/2-1/2

[Event "European Women's Championship"]
[Site "Vysoke Tatry"]
[Date "2018.04.12"]
[Round "5"]
[White "Osmak, Iulija"]
[Black "Ghukasyan, Siranush"]
[Result "1-0"]
[Board "30"]
[WhiteElo "2361"]
[WhiteTitle "IM"]
[WhiteCountry "UKR"]
[WhiteFideId "14101602"]
[WhiteEloChange "6"]
[BlackElo "2195"]
[BlackTitle "WIM"]
[BlackCountry "ARM"]
[BlackFideId "13300946"]
[BlackEloChange "-6"]

1. d4 {[%clk 1:26:34]} d5 {[%clk 1:30:55]} 2. Bf4 {[%clk 1:26:42]} Nf6 {[%clk
1:31:17]} 3. e3 {[%clk 1:26:59]} e6 {[%clk 1:31:43]} 4. Nd2 {[%clk 1:27:13]} c5
{[%clk 1:32:05]} 5. c3 {[%clk 1:27:39]} Nc6 {[%clk 1:32:27]} 6. Ngf3 {[%clk
1:28:05]} Bd6 {[%clk 1:32:50]} 7. Bg3 {[%clk 1:27:50]} O-O {[%clk 1:32:43]} 8.
Bb5 {[%clk 1:27:28]} Ne7 {[%clk 1:27:24]} 9. Bd3 {[%clk 1:26:03]} b6 {[%clk
1:14:32]} 10. e4 {[%clk 1:23:06]} c4 {[%clk 0:49:52]} 11. Bxd6 {[%clk 1:06:07]}
cxd3 {[%clk 0:49:39]} 12. e5 {[%clk 1:05:52]} Ne4 {[%clk 0:47:38]} 13. Ba3 {[%clk
0:48:43]} h6 {[%clk 0:45:25]} 14. O-O {[%clk 0:37:22]} f5 {[%clk 0:43:07]} 15.
Ne1 {[%clk 0:34:57]} Ba6 {[%clk 0:42:24]} 16. f3 {[%clk 0:34:58]} Ng5 {[%clk
0:41:59]} 17. Qa4 {[%clk 0:34:23]} Bb7 {[%clk 0:38:32]} 18. Nxd3 {[%clk 0:34:40]}
f4 {[%clk 0:36:51]} 19. Rfd1 {[%clk 0:26:03]} Rf7 {[%clk 0:35:04]} 20. Bxe7
{[%clk 0:25:37]} Qxe7 {[%clk 0:35:28]} 21. Rac1 {[%clk 0:22:30]} Rff8 {[%clk
0:33:32]} 22. b3 {[%clk 0:21:41]} Qf7 {[%clk 0:33:14]} 23. Nf2 {[%clk 0:18:45]}
a6 {[%clk 0:30:19]} 24. Qb4 {[%clk 0:18:25]} b5 {[%clk 0:28:18]} 25. Nd3 {[%clk
0:15:04]} a5 {[%clk 0:26:30]} 26. Qd6 {[%clk 0:13:03]} Rfd8 {[%clk 0:22:30]} 27.
Qa3 {[%clk 0:12:55]} b4 {[%clk 0:16:18]} 28. cxb4 {[%clk 0:11:56]} axb4 {[%clk
0:16:29]} 29. Qxb4 {[%clk 0:11:46]} Rxa2 {[%clk 0:14:11]} 30. Qb6 {[%clk
0:10:00]} Rd7 {[%clk 0:13:15]} 31. Nc5 {[%clk 0:08:43]} Re7 {[%clk 0:12:30]} 32.
Ra1 {[%clk 0:08:47]} Rc2 {[%clk 0:10:52]} 33. Kh1 {[%clk 0:06:44]} Bc8 {[%clk
0:09:01]} 34. Nf1 {[%clk 0:04:26]} Re8 {[%clk 0:05:30]} 35. Rd2 {[%clk 0:04:09]}
Qg6 {[%clk 0:05:26]} 36. Qb4 {[%clk 0:02:04]} Rxc5 {[%clk 0:02:20]} 37. dxc5
{[%clk 0:01:50]} Qf5 {[%clk 0:02:34]} 38. Qd4 {[%clk 0:01:25]} Bd7 {[%clk
0:02:58]} 39. Rc1 {[%clk 0:00:41]} Rc8 {[%clk 0:03:04]} 40. Rdc2 {[%clk 0:30:44]}
Bb5 {[%clk 0:33:15]} 41. Nd2 {[%clk 0:27:16]} Nf7 {[%clk 0:33:31]} 42. Nb1 {[%clk
0:25:20]} Bd3 {[%clk 0:32:53]} 43. Rb2 {[%clk 0:25:11]} Nxe5 {[%clk 0:32:46]} 44.
Nc3 {[%clk 0:22:30]} Nc6 {[%clk 0:32:25]} 45. Qa4 {[%clk 0:21:49]} Qe5 {[%clk
0:30:57]} 46. b4 {[%clk 0:21:01]} Qe3 {[%clk 0:29:39]} 47. Qd1 {[%clk 0:20:19]}
Ne5 {[%clk 0:28:22]} 48. Na4 {[%clk 0:19:40]} Bb5 {[%clk 0:26:24]} 49. Nb6 {[%clk
0:16:27]} Rc6 {[%clk 0:25:41]} 50. Rd2 {[%clk 0:12:15]} Nd3 {[%clk 0:24:20]} 51.
Rxd3 {[%clk 0:10:34]} Qxd3 {[%clk 0:24:27]} 52. Qxd3 {[%clk 0:09:12]} Bxd3 {[%clk
0:24:56]} 53. Nd7 {[%clk 0:09:30]} Bb5 {[%clk 0:21:35]} 54. Ne5 {[%clk 0:09:47]}
Rc7 {[%clk 0:21:46]} 55. Kg1 {[%clk 0:08:40]} Kf8 {[%clk 0:20:51]} 56. Ra1 {[%clk
0:07:54]} Ke7 {[%clk 0:19:14]} 57. Ra5 {[%clk 0:07:04]} Be8 {[%clk 0:17:34]} 58.
Nd3 {[%clk 0:06:12]} Rb7 {[%clk 0:17:36]} 59. Ra6 {[%clk 0:05:53]} g5 {[%clk
0:09:24]} 60. h4 {[%clk 0:06:06]} Rc7 {[%clk 0:07:39]} 61. hxg5 {[%clk 0:06:00]}
hxg5 {[%clk 0:08:07]} 62. Rb6 {[%clk 0:06:23]} Bg6 {[%clk 0:07:31]} 63. Ne5
{[%clk 0:06:35]} Be8 {[%clk 0:07:54]} 64. Rb8 {[%clk 0:06:31]} Ba4 {[%clk
0:07:31]} 65. Kf2 {[%clk 0:06:30]} Kf6 {[%clk 0:07:18]} 66. Ng4+ {[%clk 0:06:55]}
Kg7 {[%clk 0:05:37]} 67. Rb6 {[%clk 0:07:16]} d4 {[%clk 0:03:35]} 68. Rd6 {[%clk
0:06:07]} Bb5 {[%clk 0:00:44]} 69. Rxd4 {[%clk 0:06:31]} Ra7 {[%clk 0:01:12]} 70.
Rd2 {[%clk 0:05:29]} Ra3 {[%clk 0:01:18]} 71. Rc2 {[%clk 0:05:28]} Ba4 {[%clk
0:01:26]} 72. Rc1 {[%clk 0:05:36]} Ra2+ {[%clk 0:01:47]} 73. Kg1 {[%clk 0:06:02]}
Bb5 {[%clk 0:00:57]} 74. c6 {[%clk 0:06:19]} Ra8 {[%clk 0:01:12]} 75. Rc5 {[%clk
0:06:27]} 1-0

[Event "European Women's Championship"]
[Site "Vysoke Tatry"]
[Date "2018.04.12"]
[Round "5"]
[White "Melia, Salome"]
[Black "Kusenkova, Natallia"]
[Result "1-0"]
[Board "31"]
[WhiteElo "2411"]
[WhiteTitle "IM"]
[WhiteCountry "GEO"]
[WhiteFideId "13602446"]
[WhiteEloChange "2"]
[BlackElo "2134"]
[BlackCountry "BLR"]
[BlackFideId "13506501"]
[BlackEloChange "-3"]

1. e4 {[%clk 1:30:58]} e5 {[%clk 1:30:56]} 2. Nf3 {[%clk 1:31:23]} Nc6 {[%clk
1:31:20]} 3. Bc4 {[%clk 1:31:47]} Bc5 {[%clk 1:31:13]} 4. O-O {[%clk 1:32:09]}
Nf6 {[%clk 1:31:22]} 5. d3 {[%clk 1:32:37]} d6 {[%clk 1:30:27]} 6. c3 {[%clk
1:32:53]} O-O {[%clk 1:30:22]} 7. h3 {[%clk 1:33:11]} a5 {[%clk 1:24:34]} 8. Re1
{[%clk 1:33:26]} Be6 {[%clk 1:23:45]} 9. Bb5 {[%clk 1:33:17]} Bd7 {[%clk
1:22:03]} 10. Ba4 {[%clk 1:26:07]} h6 {[%clk 1:15:14]} 11. Nbd2 {[%clk 1:25:03]}
Qb8 {[%clk 1:13:01]} 12. Nf1 {[%clk 1:23:56]} b5 {[%clk 1:09:49]} 13. Bc2 {[%clk
1:24:15]} b4 {[%clk 1:07:05]} 14. d4 {[%clk 1:19:45]} Bb6 {[%clk 1:04:42]} 15.
Ng3 {[%clk 1:11:02]} bxc3 {[%clk 1:02:11]} 16. bxc3 {[%clk 1:10:51]} Qa7 {[%clk
0:49:49]} 17. Be3 {[%clk 1:10:47]} Rfe8 {[%clk 0:45:58]} 18. Qd2 {[%clk 1:08:10]}
Kh7 {[%clk 0:40:52]} 19. Nh4 {[%clk 0:59:53]} Ne7 {[%clk 0:34:50]} 20. Kh1 {[%clk
0:49:28]} Rad8 {[%clk 0:31:10]} 21. f4 {[%clk 0:41:13]} Nfg8 {[%clk 0:26:39]} 22.
Qf2 {[%clk 0:33:54]} f6 {[%clk 0:25:46]} 23. Nh5 {[%clk 0:30:42]} Rf8 {[%clk
0:23:47]} 24. f5 {[%clk 0:20:23]} Be8 {[%clk 0:22:42]} 25. Ng3 {[%clk 0:14:43]}
c5 {[%clk 0:22:01]} 26. d5 {[%clk 0:13:23]} a4 {[%clk 0:22:10]} 27. Bd1 {[%clk
0:13:02]} Ba5 {[%clk 0:21:54]} 28. Rc1 {[%clk 0:13:05]} Rb8 {[%clk 0:21:15]} 29.
Bh5 {[%clk 0:12:54]} Qd7 {[%clk 0:21:18]} 30. Bxe8 {[%clk 0:11:31]} Qxe8 {[%clk
0:20:44]} 31. Re2 {[%clk 0:04:31]} Nc8 {[%clk 0:18:40]} 32. Rb2 {[%clk 0:03:57]}
Na7 {[%clk 0:16:19]} 33. c4 {[%clk 0:03:45]} Qd7 {[%clk 0:05:06]} 34. Rcb1 {[%clk
0:02:49]} Rxb2 {[%clk 0:03:54]} 35. Qxb2 {[%clk 0:03:13]} Bc7 {[%clk 0:02:40]}
36. Ng6 {[%clk 0:03:30]} Rd8 {[%clk 0:02:22]} 37. Qb7 {[%clk 0:02:23]} Nc8 {[%clk
0:02:46]} 38. h4 {[%clk 0:01:46]} Nge7 {[%clk 0:02:18]} 39. h5 {[%clk 0:01:59]}
Kg8 {[%clk 0:01:53]} 40. Bd2 {[%clk 0:31:37]} Kf7 {[%clk 0:31:23]} 41. Ne2 {[%clk
0:23:05]} Nb6 {[%clk 0:25:19]} 42. Rxb6 {[%clk 0:18:20]} Bxb6 {[%clk 0:25:43]}
43. Qxb6 {[%clk 0:18:46]} Ra8 {[%clk 0:25:39]} 44. Nc3 {[%clk 0:17:18]} Nc8
{[%clk 0:24:44]} 45. Qc6 {[%clk 0:09:43]} Qxc6 {[%clk 0:15:00]} 46. dxc6 {[%clk
0:10:11]} Nb6 {[%clk 0:13:40]} 47. Nd5 {[%clk 0:09:24]} Nxc4 {[%clk 0:12:08]} 48.
Bc1 {[%clk 0:09:03]} Na5 {[%clk 0:08:02]} 49. c7 {[%clk 0:05:55]} Rc8 {[%clk
0:08:01]} 50. Nge7 {[%clk 0:05:32]} Rxc7 {[%clk 0:08:25]} 51. Nxc7 {[%clk
0:05:58]} Kxe7 {[%clk 0:08:51]} 52. Nd5+ {[%clk 0:06:10]} Kf7 {[%clk 0:09:04]}
53. Nc3 {[%clk 0:04:51]} Nc4 {[%clk 0:08:06]} 54. Nxa4 {[%clk 0:05:06]} d5 {[%clk
0:08:15]} 55. exd5 {[%clk 0:04:58]} Nd6 {[%clk 0:08:03]} 56. g4 {[%clk 0:04:37]}
Ne4 {[%clk 0:08:10]} 57. Kg2 {[%clk 0:04:33]} 1-0

[Event "European Women's Championship"]
[Site "Vysoke Tatry"]
[Date "2018.04.12"]
[Round "5"]
[White "Batsiashvili, Nino"]
[Black "Sedina, Elena"]
[Result "1-0"]
[Board "32"]
[WhiteElo "2521"]
[WhiteTitle "IM"]
[WhiteCountry "GEO"]
[WhiteFideId "13602993"]
[WhiteEloChange "2"]
[BlackElo "2292"]
[BlackTitle "IM"]
[BlackCountry "ITA"]
[BlackFideId "812153"]
[BlackEloChange "-4"]

1. d4 {[%clk 1:30:56]} d5 {[%clk 1:30:50]} 2. c4 {[%clk 1:31:21]} c6 {[%clk
1:31:15]} 3. Nf3 {[%clk 1:31:48]} Nf6 {[%clk 1:31:37]} 4. Nc3 {[%clk 1:32:14]}
dxc4 {[%clk 1:31:33]} 5. g3 {[%clk 1:32:33]} Nbd7 {[%clk 1:10:31]} 6. Bg2 {[%clk
1:32:08]} g6 {[%clk 1:08:21]} 7. O-O {[%clk 1:27:55]} Bg7 {[%clk 1:07:13]} 8. e4
{[%clk 1:27:03]} O-O {[%clk 1:03:20]} 9. Qe2 {[%clk 1:24:40]} b5 {[%clk 0:51:46]}
10. e5 {[%clk 1:07:27]} Nd5 {[%clk 0:50:42]} 11. e6 {[%clk 1:07:29]} N7b6 {[%clk
0:49:40]} 12. exf7+ {[%clk 1:07:47]} Rxf7 {[%clk 0:49:01]} 13. Ng5 {[%clk
0:58:25]} Nxc3 {[%clk 0:36:57]} 14. bxc3 {[%clk 0:58:48]} Rf6 {[%clk 0:37:22]}
15. a4 {[%clk 0:45:40]} Bf5 {[%clk 0:14:47]} 16. Re1 {[%clk 0:30:30]} Nd5 {[%clk
0:09:25]} 17. axb5 {[%clk 0:27:51]} cxb5 {[%clk 0:08:32]} 18. Ba3 {[%clk
0:25:08]} e6 {[%clk 0:02:46]} 19. Ne4 {[%clk 0:19:09]} Bxe4 {[%clk 0:03:13]} 20.
Qxe4 {[%clk 0:19:34]} a5 {[%clk 0:02:23]} 21. Bc5 {[%clk 0:16:56]} Ra6 {[%clk
0:02:16]} 22. Qc2 {[%clk 0:13:18]} Qd7 {[%clk 0:02:05]} 23. Reb1 {[%clk 0:13:16]}
Bf8 {[%clk 0:01:55]} 24. Qb2 {[%clk 0:13:24]} Bxc5 {[%clk 0:00:38]} 25. dxc5
{[%clk 0:13:52]} a4 {[%clk 0:00:37]} 26. Qxb5 {[%clk 0:11:06]} Qxb5 {[%clk
0:01:06]} 27. Rxb5 {[%clk 0:11:35]} Rf8 {[%clk 0:01:13]} 28. Ra3 {[%clk 0:10:04]}
Rc8 {[%clk 0:01:35]} 29. Kf1 {[%clk 0:09:17]} Rac6 {[%clk 0:01:00]} 30. Bxd5
{[%clk 0:05:26]} exd5 {[%clk 0:01:29]} 31. Rxa4 {[%clk 0:05:55]} Rxc5 {[%clk
0:01:52]} 32. Rxc5 {[%clk 0:04:45]} Rxc5 {[%clk 0:02:22]} 33. Ke2 {[%clk
0:04:58]} Rb5 {[%clk 0:02:40]} 34. Ke3 {[%clk 0:03:25]} Rb2 {[%clk 0:02:52]} 35.
h4 {[%clk 0:03:05]} Rc2 {[%clk 0:00:47]} 36. Kd4 {[%clk 0:03:10]} Rd2+ {[%clk
0:01:06]} 37. Ke5 {[%clk 0:03:22]} Rd3 {[%clk 0:01:23]} 38. Ra3 {[%clk 0:03:37]}
Kg7 {[%clk 0:01:01]} 39. g4 {[%clk 0:03:01]} Kh6 {[%clk 0:01:25]} 40. Ra7 {[%clk
0:32:32]} Rxc3 {[%clk 0:31:29]} 41. g5+ {[%clk 0:31:10]} Kh5 {[%clk 0:31:51]} 42.
Kf4 {[%clk 0:31:29]} 1-0

[Event "European Women's Championship"]
[Site "Vysoke Tatry"]
[Date "2018.04.12"]
[Round "5"]
[White "Worek, Joanna"]
[Black "Pogonina, Natalija"]
[Result "0-1"]
[Board "33"]
[WhiteElo "2295"]
[WhiteTitle "WGM"]
[WhiteCountry "CZE"]
[WhiteFideId "1118080"]
[WhiteEloChange "-5"]
[BlackElo "2474"]
[BlackTitle "WGM"]
[BlackCountry "RUS"]
[BlackFideId "4147855"]
[BlackEloChange "3"]

1. e4 {[%clk 1:30:56]} e5 {[%clk 1:30:56]} 2. Nf3 {[%clk 1:31:19]} Nc6 {[%clk
1:31:21]} 3. Bc4 {[%clk 1:31:44]} Bc5 {[%clk 1:31:37]} 4. c3 {[%clk 1:31:49]} Nf6
{[%clk 1:31:54]} 5. d3 {[%clk 1:31:57]} a6 {[%clk 1:30:39]} 6. a4 {[%clk
1:29:38]} h6 {[%clk 1:28:13]} 7. O-O {[%clk 1:28:20]} d6 {[%clk 1:28:29]} 8. Re1
{[%clk 1:27:14]} O-O {[%clk 1:27:21]} 9. h3 {[%clk 1:24:36]} Ba7 {[%clk 1:25:23]}
10. Nbd2 {[%clk 1:18:58]} Re8 {[%clk 1:22:52]} 11. Nf1 {[%clk 1:16:31]} Be6
{[%clk 1:22:46]} 12. Bxe6 {[%clk 1:16:54]} Rxe6 {[%clk 1:23:02]} 13. Be3 {[%clk
1:11:07]} Bxe3 {[%clk 1:05:22]} 14. Nxe3 {[%clk 1:06:12]} Ne7 {[%clk 1:01:04]}
15. a5 {[%clk 1:01:28]} Ng6 {[%clk 1:00:04]} 16. Qc2 {[%clk 0:53:00]} d5 {[%clk
0:47:19]} 17. Nf5 {[%clk 0:49:33]} Qd7 {[%clk 0:45:33]} 18. c4 {[%clk 0:46:06]}
dxe4 {[%clk 0:40:25]} 19. dxe4 {[%clk 0:46:26]} Qc6 {[%clk 0:40:45]} 20. Rad1
{[%clk 0:41:57]} Ree8 {[%clk 0:40:33]} 21. b4 {[%clk 0:39:58]} Kh7 {[%clk
0:39:53]} 22. h4 {[%clk 0:36:22]} Rad8 {[%clk 0:38:21]} 23. Rd5 {[%clk 0:23:17]}
Nxd5 {[%clk 0:24:19]} 24. exd5 {[%clk 0:23:41]} Qd7 {[%clk 0:22:52]} 25. Qe4
{[%clk 0:18:50]} h5 {[%clk 0:14:04]} 26. g4 {[%clk 0:16:19]} Kg8 {[%clk 0:06:40]}
27. Ng5 {[%clk 0:10:14]} Nf8 {[%clk 0:06:16]} 28. gxh5 {[%clk 0:08:27]} f6 {[%clk
0:06:20]} 29. Nf3 {[%clk 0:08:02]} Kh8 {[%clk 0:04:10]} 30. Kh1 {[%clk 0:07:45]}
g6 {[%clk 0:03:37]} 31. hxg6 {[%clk 0:07:54]} Nxg6 {[%clk 0:04:03]} 32. Rg1
{[%clk 0:04:52]} Qh7 {[%clk 0:02:46]} 33. Qg4 {[%clk 0:01:48]} Rg8 {[%clk
0:02:13]} 34. Ng3 {[%clk 0:02:17]} Nf4 {[%clk 0:01:02]} 35. Qf5 {[%clk 0:02:18]}
Qxf5 {[%clk 0:01:02]} 36. Nxf5 {[%clk 0:02:46]} Rxg1+ {[%clk 0:01:22]} 37. Kxg1
{[%clk 0:03:03]} Nd3 {[%clk 0:01:31]} 38. Nd2 {[%clk 0:01:12]} Rg8+ {[%clk
0:00:49]} 39. Kf1 {[%clk 0:01:36]} Rg4 {[%clk 0:00:49]} 40. c5 {[%clk 0:31:27]}
Rf4 {[%clk 0:30:39]} 41. Ke2 {[%clk 0:28:37]} Nxb4 {[%clk 0:25:14]} 42. d6 {[%clk
0:28:31]} cxd6 {[%clk 0:25:20]} 43. Nxd6 {[%clk 0:28:56]} Rxh4 {[%clk 0:20:33]}
44. Nxb7 {[%clk 0:27:23]} Nc6 {[%clk 0:20:44]} 45. Nd6 {[%clk 0:26:58]} Nxa5
{[%clk 0:13:44]} 46. N2e4 {[%clk 0:26:52]} Rf4 {[%clk 0:13:07]} 47. Ke3 {[%clk
0:25:23]} Kg7 {[%clk 0:12:29]} 48. Ne8+ {[%clk 0:24:39]} Kf7 {[%clk 0:10:35]} 49.
Nc7 {[%clk 0:25:03]} Nc4+ {[%clk 0:09:50]} 50. Kd3 {[%clk 0:25:28]} Nb2+ {[%clk
0:10:14]} 51. Ke3 {[%clk 0:24:44]} Nd1+ {[%clk 0:10:36]} 52. Kd3 {[%clk 0:25:10]}
Nxf2+ {[%clk 0:10:53]} 53. Nxf2 {[%clk 0:25:36]} Rxf2 {[%clk 0:11:18]} 54. Nxa6
{[%clk 0:26:02]} Ke6 {[%clk 0:09:52]} 55. c6 {[%clk 0:22:18]} Kd6 {[%clk
0:08:25]} 56. Nc5 {[%clk 0:22:11]} Kxc6 {[%clk 0:08:36]} 0-1